MDQL
is popping MORE tags! Check the
thread
!
Quizzes
Events
Quiz Creation
Community
Videos
Private Events
Remove Ads
Sign In
Join for FREE
Feedback
Dark Mode
Quiz Categories
Sports
Geography
Music
Movies
Television
Just For Fun
Miscellaneous
History
Literature
Language
Science
Gaming
Entertainment
Religion
Holiday
For Kids
Quiz Lab
Recent
Popular Today
Quiz Kudos Today
Editor Picks
Curator Picks
Quizzes by...
Day
Popularity
Type
Ratings
Length
Year
Community
Subscriptions
Recent Discussions
Orange Saloon
Badges
Playlists
Quests
Create
Leaderboards
Showdown
Live 5
Trivia Bingo
Activity
Puzzle Library
Sporcle Events
Private Events
Virtual Trivia
Globe League
Become a Host
Pub Owners
SporcleCon
Opinionation
Our Games
Videos
Blog
Mobile Apps
Partnerships
Remove Ads and Go Orange
Feedback
Music
Pop Music
The Beatles
Song
Album
Lyrics
Bands
Singers
Artist
Clip
Rock
Rap
Classical
Billboard
Country Music
Kpop
Taylor Swift
Music
Pop Music
The Beatles
Song
Album
Lyrics
Bands
Singers
Artist
Clip
Rock
Rap
Classical
Billboard
Country Music
Kpop
Taylor Swift
Random Quiz
Search Sporcle
×
Quiz Lab
Quiz Lab
Music
Lyrics
Type in answers that appear in a list
Type in answers that appear in a list
Classic
Best Score? Go Orange.
Pierce The Veil - Circles Stats
Can you name the Pierce The Veil - Circles lyrics?
By
m0llym0stacho
12m
250 Questions
460 Plays
460 Plays
460 Plays
Comments
Comments
Give Quiz Kudos
Give Quiz Kudos
-
- Ratings
hide this ad
Replay
Link that replays current quiz
Next Quiz
Link to next quiz in quiz playlist
You Got
0%
They Got
Avg Score
82%
Avg Friend Score
Upgrade to see
Score Distribution
Jump to the score distribution portion of the page
Score
0/250
Timer
12:00
0
Plays Today
Answer
% Correct
you
99.1%
You
99.1%
You
99.1%
You
99.1%
you
99.1%
you
99.1%
You
99.1%
my
98.5%
my
98.5%
my
98.5%
my
98.5%
my
98.5%
the
97.4%
and
97.4%
the
97.4%
and
97.4%
and
97.4%
the
97.4%
the
97.4%
and
97.4%
And
97.4%
and
97.4%
And
97.4%
and
97.4%
And
97.4%
and
97.4%
and
97.4%
And
97.4%
and
97.4%
to
97%
to
97%
to
97%
to
97%
to
97%
to
97%
to
97%
to
97%
to
97%
to
97%
do
96.3%
your
94.8%
your
94.8%
your
94.8%
hear
93.5%
we
93.5%
running.
93.5%
running.
93.5%
we
93.5%
running
93.5%
we
93.5%
we
93.5%
running.
93.5%
running.
93.5%
we
93.5%
running.
93.5%
running
93.5%
we
93.5%
we
93.5%
running.
93.5%
running.
93.5%
we
93.5%
running.
93.5%
running
93.5%
we
93.5%
heart
92.8%
start
92.6%
beat
92.4%
both
92.2%
Both
92.2%
both
92.2%
both
92.2%
both
92.2%
Both
92.2%
both
92.2%
Both
92.2%
both
92.2%
both
92.2%
Both
92.2%
both
92.2%
Both
92.2%
both
92.2%
Listen,
92%
in
91.7%
started
91.7%
Answer
% Correct
started
91.7%
started
91.7%
in
91.7%
started
91.7%
started
91.7%
started
91.7%
started
91.7%
in
91.7%
started
91.7%
started
91.7%
started
91.7%
started
91.7%
in
91.7%
go.
91.5%
go
91.5%
go.
91.5%
go
91.5%
go.
91.5%
go
91.5%
go!
91.5%
hand
91.3%
hand
91.3%
hand
91.3%
circles.
91.1%
circles.
91.1%
circles.
91.1%
Circles!
91.1%
Circles.
91.1%
too.
90.7%
too.
90.7%
too.
90.7%
took
90.4%
no
90.4%
took
90.4%
no
90.4%
took
90.4%
no
90.4%
Then
89.1%
then
89.1%
then
89.1%
then
89.1%
Don't
88.9%
don't
88.9%
don't
88.9%
don't
88.9%
place
88.7%
place
88.7%
place
88.7%
close
86.1%
eyes.
86.1%
There's
85.9%
back.
85.9%
There's
85.9%
back.
85.9%
There's
85.9%
back.
85.9%
ever
85.7%
ever
85.7%
ever
85.7%
without
84.8%
without
84.8%
Save
84.3%
yourself
84.3%
look
84.3%
Save
84.3%
yourself
84.3%
look
84.3%
Save
84.3%
yourself
84.3%
look
84.3%
pretend
83.7%
over
83.3%
life?
83.3%
Over
83.3%
life
83.3%
I
81.5%
I
81.5%
I
81.5%
I
81.5%
I
81.5%
I
81.5%
I
81.5%
Another
81.1%
another
81.1%
Answer
% Correct
of
80.7%
of
80.7%
thump
79.1%
bullet
78.7%
'Hey,
78.5%
'Hey,
78.5%
around
78%
around
78%
on
78%
around
78%
it.
77.8%
cry.
77.6%
Pieces
77.2%
think
76.7%
said
76.5%
said
76.5%
hesitating.
76.1%
about
75.9%
what's
75.7%
candy
74.8%
spin
74.8%
spin
74.8%
spin
74.8%
it's
74.6%
alright'
74.3%
breathe
73.9%
mind?'
73.9%
never
72.8%
leave
72.4%
love
72%
side.
72%
real
71.7%
now
71.7%
now
71.7%
is
71.3%
this
70.9%
I'll
70.9%
monitors?
70%
weekend.
69.6%
Nowhere
69.3%
Nowhere
69.3%
Nowhere
69.3%
light.
69.1%
We'll
68.9%
so
68.7%
so
68.7%
so
68.7%
make
68.5%
through
68.3%
Creeping
67.4%
waiting'
65.9%
dead
65.7%
me.
63.9%
these
63.9%
'Heaven's
63%
Paper
62.6%
find
61.5%
hearts
60.9%
end
60.7%
leaks
60.4%
Paint
59.6%
fly.
58.9%
begin
58.5%
begin
58.5%
labyrinths
57.2%
exit
56.3%
signs
55.4%
read
55.2%
floor
54.3%
But
53%
'round
52.4%
screaming
51.7%
while
51.7%
ash
51.5%
our
50.7%
heads.
49.3%
turned
48.7%
Let's
45.9%
they're
10.9%
they're
10.9%
pulling
7.8%
pulling
7.8%
Quiz Playlist
Details
Report
Send in Message
Add To Playlist
Classic:
Type in answers that appear in a list
Quiz Source
Last Updated: Feb 16, 2017
Quiz Scoreboard
CHALLENGE
Sign Up to Join the Scoreboard
Show All
Scores
Hide
Comments
May contain spoilers
Recently Published
Colored Red Africa Blitz
by spor1
Geography
30s
Find the 'City' Movie
by crazypaving
Movies
60s
5x2 Blitz: Bands
by SL_Kpop136
Music
30s
More to Explore
Quiz From the Vault
Featured Blog Post
14 Easter Pick-up Lines to Find Eggs With
hide this ad
You Might Also Like...
Tags
Lyrics Quiz
Missing Lyrics
Pierce the Veil
Today's Top Quizzes in Music
Browse Music
hide this ad
Today's Top Quizzes in Lyrics
Browse Lyrics
Top Contributed Quizzes in Music
1
5X2 Blitz: Bands II
2
5X2 Blitz: The Beatles
3
Taylor Swift All Songs (2024)
4
5X2 Blitz: Billboard
5
Taylor Swift Logic Puzzle II
6
5X2 Blitz: Billboard II
7
Taylor Swift Logic Puzzle
8
5X2 Blitz: Rock
9
5X2 Blitz: Singers
10
5X2 Blitz: Album
Explore More
Trending Topics
Disney
Kpop
NBA
Anime
Crossword
Marvel
Harry Potter
Puzzle
NFL
The Office
Soccer
Song
WWE
Country
Pokémon
hide this ad
More By:
m0llym0stacho
Quiz
Plays
Rating
Category
Featured
Created
Pierce The Veil - The Divine Zero lyrics
641
5.00
Music
Apr 14, 2016
Pierce The Veil - Circles
460
Music
May 6, 2016
Pierce The Veil - Texas Is Forever
181
5.00
Music
May 6, 2016
Pierce The Veil - Gold Medal Ribbon lyrics
126
5.00
Music
Jul 10, 2016
Pierce The Veil - Sambuka lyrics
92
5.00
Music
Jul 10, 2016
Go to Creator's Profile
Score Distribution
Quiz Creator Spotlight
m0llym0stacho
Follow
Send a Message
Quizzes Created
-
Created Quiz Play Count
-
More By This Creator
Popular Quizzes Today
1
Colored Red Africa Blitz
2
Find the 'City' Movie
3
5x2 Blitz: Bands
4
Find the US States - No Outlines Minefield
5
The Countries of the World
6
Find the US States
7
US States
8
Find the Countries of Europe - No Outlines Minefield
More Music Quizzes
Names of musical instruments
Editor's Pick
Trending Quizzes
Colored Red Europe Blitz I
Colored Red Europe Blitz II
Colored Red Africa Blitz II
Colored Red Europe Blitz III
Colored Red Africa Blitz III
Recently Updated
How Do You Spell That?
pecheneg
Godzilla Movies
pecheneg
Grab Bag: 4-10 Letters
pecheneg
2024 March Madness Bracket
pecheneg
Famous TV Couples
Peacemaker
Champions League XIs: Real Madrid
pecheneg
Largest US Cities 1790-2010
pecheneg
Rides in Walt Disney World
pecheneg
Most Oscar Losses (Acting)
pecheneg
Beyoncé Albums
pecheneg
Trending Topics
Harry Potter
Marvel
Kpop
Disney
Crossword
Anime
NBA
Pokémon
Soccer
NFL
Song
Puzzle
WWE
Country
The Office
Your Account Isn't Verified!
In order to create a playlist on Sporcle, you need to verify the email address you used during registration. Go to your
Sporcle Settings
to finish the process.
Report this User
Report this user for behavior that violates our
Community Guidelines
.
Details:
Send Report
Go to the Sporcle.com Mobile Site →
Comments